| 000 | 00594nam a22001937a 4500 | ||
|---|---|---|---|
| 999 |
_c21325 _d21325 |
||
| 003 | AR-CdUCM | ||
| 008 | 190411b ||||| |||| 00| 0 spa d | ||
| 040 |
_aMUNICIPALIDAD PROVINCIAL DEL CUSCO _cBIBLIOTECA MUNICIPAL DEL CUSCO |
||
| 082 |
_aEP/808/W70 _bW70 |
||
| 110 |
_aWorld Vision _944485 |
||
| 245 | _aWawaykuna / | ||
| 260 |
_aCusco ; _bDann'ys Graff, _c2017. |
||
| 300 |
_a172 Páginas. : _bilustraciones en color ; _c29 cm. |
||
| 505 | _aAnimación a la lectura. | ||
| 650 |
_aCuentos infantiles _944458 |
||
| 650 |
_aLiteratura infantil _9588 |
||
| 942 |
_2ddc _cLIBROS |
||
| 945 | _aRoel | ||